Biological science (Record no. 81114)

MARC details
000 -LEADER
fixed length control field 00732nam a2200181 a 4500
008 - FIXED-LENGTH DATA ELEMENTS--GENERAL INFORMATION
fixed length control field 120416nuuuuuuuuxx |||||||||||||| || u
050 ## - LIBRARY OF CONGRESS CALL NUMBER
Classification number QH 308.5 Bio
110 ## - MAIN ENTRY--CORPORATE NAME
Corporate name or jurisdiction name as entry element The Bioplogical Sciences Curriculum Study
245 10 - TITLE STATEMENT
Title Biological science
246 ## -
-- Biological Sciences Curriculum Study
250 ## - EDITION STATEMENT
Edition statement Rev. ed.
260 ## - PUBLICATION, DISTRIBUTION, ETC.
Date of publication, distribution, etc. London
350 ## -
-- 0.00
650 #0 - SUBJECT ADDED ENTRY--TOPICAL TERM
Topical term or geographic name entry element BIOLOGY
650 ## - SUBJECT ADDED ENTRY--TOPICAL TERM
Topical term or geographic name entry element BIOLOGY--STUDY AND TEACHING
995 ## -
-- BINDERY (DAMAGED)
-- 0.00
-- 715839
-- CBU-MAIN LIBRARY (Kitwe)
-- 1
-- 5.50
-- QH 308.5 Bio
-- 1
-- DAMAGED
-- 014771
-- Main Library Open Access Collection
995 ## -
-- MAIN LIBRARY OPEN ACCESS
-- 0.00
-- 715838
-- CBU-MAIN LIBRARY (Kitwe)
-- 2
-- 5.50
-- QH 308.5 Bio
-- 2
-- LOST
-- 014772
-- Main Library Open Access Collection
999 ## -
-- 81114
-- 81114
Holdings
Withdrawn status Lost status Source of classification or shelving scheme Damaged status Not for loan Permanent Location Current Location Shelving location Date acquired Total Checkouts Full call number Barcode Date last seen Copy number Price effective from Koha item type
          CBU-MAIN LIBRARY, KITWE. CBU-MAIN LIBRARY, KITWE.   07/19/2023   QH 308.5 Bio 014771 07/19/2023 1 07/19/2023 MONOGRAPH
          CBU-MAIN LIBRARY, KITWE. CBU-MAIN LIBRARY, KITWE.   07/19/2023   QH 308.5 Bio 014772 07/19/2023 2 07/19/2023 MONOGRAPH